Hometrack September survey (Record no. 118087)

MARC details
000 -LEADER
fixed length control field 01010cam a2200217 4500
001 - CONTROL NUMBER
control field WB4037-11
008 - FIXED-LENGTH DATA ELEMENTS--GENERAL INFORMATION
fixed length control field 040929n2004 000 0 eng u
035 ## - SYSTEM CONTROL NUMBER
System control number (Sirsi) u127561
245 ## - TITLE STATEMENT
Title Hometrack September survey
260 ## - PUBLICATION, DISTRIBUTION, ETC.
Date of publication, distribution, etc. 2004
490 ## - SERIES STATEMENT
Series statement Hometrack Press Release
520 ## - SUMMARY, ETC.
Summary, etc. Hometrack's September 2004 survey of the housing market reports that the national housing market shows a 0.3% fall in average prices. There is an excess of properties on the market with the number of buyers registered with estate agents falling by 5%. The average time taken to sell a house has risen to 5.8 weeks and the number of viewings has risen to 11.4 per sale. For the Hometrack September 2004 survey: http://www.hometrack.co.uk/index.cfm?fuseaction=ne ws.viewnewsitem&newsid=86
590 ## - LOCAL NOTE (RLIN)
Local note WB
590 ## - LOCAL NOTE (RLIN)
Local note WB
650 ## - SUBJECT ADDED ENTRY--TOPICAL TERM
Topical term or geographic name entry element HOMETRACK.CO.UK HOUSE PRICE INDEX
650 ## - SUBJECT ADDED ENTRY--TOPICAL TERM
Topical term or geographic name entry element HOUSE PRICES
650 ## - SUBJECT ADDED ENTRY--TOPICAL TERM
Topical term or geographic name entry element INTEREST RATES
650 ## - SUBJECT ADDED ENTRY--TOPICAL TERM
Topical term or geographic name entry element CONSUMER CONFIDENCE
690 ## - LOCAL SUBJECT ADDED ENTRY--TOPICAL TERM (OCLC, RLIN)
Topical term or geographic name as entry element HOUSING-HOUSE PRICES
942 ## - ADDED ENTRY ELEMENTS (KOHA)
Suppress in OPAC 0
Holdings
Withdrawn status Lost status Source of classification or shelving scheme Damaged status Not for loan Home library Current library Shelving location Date acquired Total Checkouts Full call number Barcode Date last seen Copy number Price effective from Koha item type
    Dewey Decimal Classification     London London News article 29/09/2004   WB4037-11 127561-1001 06/08/2019 1 06/08/2019 News article